| 000 | 00964nam a22002897a 4500 | ||
|---|---|---|---|
| 001 | 1605 | ||
| 005 | 20250815124818.0 | ||
| 020 | _a9780590316828 | ||
| 040 |
_aFISKH _cFISKH _dFISKH _beng |
||
| 050 | 0 | 0 |
_aPZ8.3.Y76 _bHo 2000 |
| 082 | 0 | 0 |
_a[E] _221 |
| 100 | 1 | _aYolen, Jane. | |
| 245 | 1 | 0 |
_aHow do dinosaurs say goodnight? / _cJane Yolen ; illustrated by Mark Teague. |
| 260 |
_aNew York : _bScholastic, _c2001 |
||
| 300 |
_a30 unnumbered pages : _bcolor illustrations ; _c30 cm. |
||
| 505 | _aF | ||
| 520 | _aMother and child ponder the different ways a dinosaur can say goodnight, from slamming his tail and pouting to giving a big hug and kiss. | ||
| 521 |
_a350
_bLexile |
||
| 521 |
_aF
_bRaz-Plus |
||
| 650 | 1 |
_aBedtime _vFiction. |
|
| 650 | 1 |
_aDinosaurs _vFiction. |
|
| 650 | 1 |
_aBehavior _vFiction. |
|
| 650 | 1 | _aStories in rhyme. | |
| 700 | 1 |
_aTeague, Mark _eillustrator |
|
| 906 |
_a7 _bcbc _corignew _d1 _eocip _f19 _gy-gencatlg |
||
| 942 |
_2ddc _cBK _n0 |
||
| 999 |
_c1605 _d1605 |
||